000 00753nam a2200253 i 4500
001 181417
003 ES-MaACL
005 20250830095403.0
008 130114s2009 sp a | |||||||| | spa d
080 _a330.85
080 _a321.01
080 _a323.272
100 1 _aLenin, Vladimir Il'ich,
_d1870-1924
_971523
245 1 3 _aEl Estado y la revolución /
_cLenin.
260 _a[Madrid] :
_bDiario Público,
_cD.L. 2009.
300 _a176 p. :
_bil. ;
_c18 cm.
490 1 _aBiblioteca pensamiento crítico
650 7 _aMarxismo.
_914803
650 7 _aEstado
_2embne
_912523
650 7 _aRevoluciones
_2embne
_916897
830 0 _aBiblioteca pensamiento crítico
_9189844
852 _aES-MaACL
_jN-5444
999 _c181417
_d181417